000 01481cam a2200301 a 4500
001 16717164
003 NUST - PNEC
005 20170116180749.0
008 110401s2012 njua b 001 0 eng
010 _a 2011014262
020 _a9780470537947 (hardback)
040 _cLIBRAR
042 _apcc
050 0 0 _aTK7871.85
_b.S9883 2012
082 0 0 _a621.38152 SZE
_222
084 _aTEC008090
_2bisacsh
100 1 _aSze, S. M.,
_d1936-
245 1 0 _aSemiconductor devices, physics and technology /
_cS.M. Sze, M.K. Lee.
250 _a3rd ed.
260 _aHoboken, N.J. :
_bWiley,
_c2012.
300 _aix, 578 p. :
_bill. ;
_c27 cm.
520 _a"Semiconductor Devices: Physics and Technology, Third Edition is an introduction to the physical principles of modern semiconductor devices and their advanced fabrication technology. It begins with a brief historical review of major devices and key technologies and is then divided into three sections: semiconductor material properties, physics of semiconductor devices and processing technology to fabricate these semiconductor devices"--
650 0 _aSemiconductors.
_xEE, EL
856 _uhttp://www.amazon.com/Semiconductor-Devices-Technology-Simon-Sze/dp/0470537949/ref=sr_1_1?s=books&ie=UTF8&qid=1425452633&sr=1-1&keywords=9780470537947
906 _a7
_bcbc
_corignew
_d1
_eecip
_f20
_gy-gencatlg
942 _2ddc
_cBK
999 _c62485
_d62485